<?xml version="1.0" encoding="UTF-8"?><?xml-stylesheet type="text/xsl" href="static/style.xsl"?><OAI-PMH xmlns="http://www.openarchives.org/OAI/2.0/" xmlns:xsi="http://www.w3.org/2001/XMLSchema-instance" xsi:schemaLocation="http://www.openarchives.org/OAI/2.0/ http://www.openarchives.org/OAI/2.0/OAI-PMH.xsd"><responseDate>2026-04-17T12:24:45Z</responseDate><request verb="GetRecord" identifier="oai:www.recercat.cat:2072/409000" metadataPrefix="marc">https://recercat.cat/oai/request</request><GetRecord><record><header><identifier>oai:recercat.cat:2072/409000</identifier><datestamp>2024-10-30T23:46:58Z</datestamp><setSpec>com_2072_98</setSpec><setSpec>col_2072_378192</setSpec></header><metadata><record xmlns="http://www.loc.gov/MARC21/slim" xmlns:dcterms="http://purl.org/dc/terms/" xmlns:xsi="http://www.w3.org/2001/XMLSchema-instance" xmlns:doc="http://www.lyncode.com/xoai" xsi:schemaLocation="http://www.loc.gov/MARC21/slim http://www.loc.gov/standards/marcxml/schema/MARC21slim.xsd">
   <leader>00925njm 22002777a 4500</leader>
   <datafield ind2=" " ind1=" " tag="042">
      <subfield code="a">dc</subfield>
   </datafield>
   <datafield ind2=" " ind1=" " tag="720">
      <subfield code="a">Bea, Emilia</subfield>
      <subfield code="e">author</subfield>
   </datafield>
   <datafield ind2=" " ind1=" " tag="260">
      <subfield code="c">2015</subfield>
   </datafield>
   <datafield ind2=" " ind1=" " tag="520">
      <subfield code="a">En el presente trabajo se abordan diferentes dimensiones de la relación con la literatura de la filósofa francesa de origen judío Simone Weil (1909-1943). En un primer momento de la exposición se atiende a sus consideraciones sobre la responsabilidad de los escritores que, aunque recorren todo su itinerario, tienen como centro neurálgico su colaboración en la revista Cahiers du Sud durante el periodo de Marsella. Posteriormente, se incide en la presencia de la literatura en su obra, gracias a la influencia de su maestro Alain, quien le enseñó a pensar a través de la escritura. Por último, se hace una breve referencia a la tragedia inacabada,Venecia salvada y a sus poemas, aludiendo a su afinidad espiritual con el poeta de Carcassonne, Joë Bousquet.</subfield>
   </datafield>
   <datafield ind2=" " ind1=" " tag="520">
      <subfield code="a">This article explores the complex relationship that Simone Weil (1909-1943), the French philosopher of Jewish origin, had with literature. First I consider her peculiar insistence on the responsibility of some of the French writers who, although familiar with all of her work, were particularly interested in her collaboration with the review Cahiers du Sud while she lived in Marseilles between 1940 and 1942. I then reflect on the relevance of literature in her work, due to the influence of her teacher, the philosopher Alain (Emile Chartier), who taught her to think through writing. Finally, I briefly approach her unfinished tragedy Venecia salvada (Venice saved) and her poems, alluding to her spiritual affinity with Joë Bousquet, the poet of Carcassonne.</subfield>
   </datafield>
   <datafield tag="653" ind2=" " ind1=" ">
      <subfield code="a">Literatura</subfield>
   </datafield>
   <datafield tag="653" ind2=" " ind1=" ">
      <subfield code="a">Filosofía</subfield>
   </datafield>
   <datafield tag="653" ind2=" " ind1=" ">
      <subfield code="a">Poesía</subfield>
   </datafield>
   <datafield tag="653" ind2=" " ind1=" ">
      <subfield code="a">Lenguaje</subfield>
   </datafield>
   <datafield tag="653" ind2=" " ind1=" ">
      <subfield code="a">Responsabilidad</subfield>
   </datafield>
   <datafield tag="653" ind2=" " ind1=" ">
      <subfield code="a">Literature</subfield>
   </datafield>
   <datafield tag="653" ind2=" " ind1=" ">
      <subfield code="a">Philosophy</subfield>
   </datafield>
   <datafield tag="653" ind2=" " ind1=" ">
      <subfield code="a">Poetry</subfield>
   </datafield>
   <datafield tag="653" ind2=" " ind1=" ">
      <subfield code="a">Language</subfield>
   </datafield>
   <datafield tag="653" ind2=" " ind1=" ">
      <subfield code="a">Responsibility</subfield>
   </datafield>
   <datafield ind2="0" ind1="0" tag="245">
      <subfield code="a">Decir la belleza del mundo : Simone Weil y la responsabilidad de la literatura</subfield>
   </datafield>
</record></metadata></record></GetRecord></OAI-PMH>